000 01499nam a2200361Ia 4500
001 ebr10141540
003 CaPaEBR
006 m u
007 cr cn|||||||||
008 970604s1997 quc sb 001 0 eng d
010 _z 97900674
015 _aC97-900674-0
020 _z0773516611 :
040 _aCaPaEBR
_cCaPaEBR
035 _a(OCoLC)181843438
050 1 4 _aPN721
_b.H55 1997eb
082 0 4 _a809.8/94/0903
_221
100 1 _aHill, John Spencer,
_d1943-
245 1 0 _aInfinity, faith and time
_h[electronic resource] :
_bChristian humanism and Renaissance literature /
_cJohn Spencer Hill.
260 _aMontreal :
_bMcGill-Queen's University Press,
_c1997.
300 _axiv, 200 p.
490 1 _aMcGill-Queen's studies in the history of religion. Series two
504 _aIncludes bibliographical references and index.
533 _aElectronic reproduction.
_bPalo Alto, Calif. :
_cebrary,
_d2009.
_nAvailable via World Wide Web.
_nAccess may be limited to ebrary affiliated libraries.
650 0 _aEuropean literature
_yRenaissance, 1450-1600
_xHistory and criticism.
650 0 _aHumanism in literature.
650 0 _aInfinite in literature.
650 0 _aTime in literature.
655 7 _aElectronic books.
_2local
710 2 _aebrary, Inc.
830 0 _aMcGill-Queen's studies in the history of religion.
_nSeries two.
856 4 0 _uhttp://site.ebrary.com/lib/rucke/Doc?id=10141540
_zAn electronic book accessible through the World Wide Web; click to view
999 _c83691
_d83691